[Event "SB-2015-0-00420"]
[Site "LSS email"]
[Date "2015.08.08"]
[Round "?"]
[White "Itter, Erik"]
[Black "Wittal, Werner"]
[Result "1/2-1/2"]
[WhiteElo "1891"]
[BlackElo "1990"]
[PlyCount "53"]
[EventDate "2015.06.27"]
[EventType "tourn (corr)"]
[EventRounds "6"]
[EventCountry "GER"]
[SourceTitle "Corr 2022"]
[Source "ChessBase"]
[SourceDate "2021.10.24"]
[SourceVersion "1"]
[SourceVersionDate "2021.10.24"]
[SourceQuality "1"]

1. d4 Nf6 2. c4 g6 3. Nc3 d5 4. cxd5 Nxd5 5. e4 Nxc3 6. bxc3 Bg7 7. Nf3 c5 8. Rb1 0-0 9. Be2 Nd7 10. 0-0 Nf6 11. Bd3 b6 12. h3 Bb7 13. Re1 Qc7 14. d5 c4 15. Bf1 e6 16. d6 Qc5 17. Nd2 e5 18. Nxc4 Nxe4 19. Qc2 Qc6 20. Ba3 Rad8 21. d7 Nc5 22. Nxe5 Bxe5 23. Rxe5 Rxd7 24. Rbe1 Rfd8 25. Re8+ Kg7 26. Qe2 Rxe8 27. Qxe8 1/2-1/2

[Event "SB-2015-0-00420"]
[Site "LSS email"]
[Date "2015.08.08"]
[Round "?"]
[White "Luers, Lavas"]
[Black "Itter, Erik"]
[Result "1/2-1/2"]
[WhiteElo "1991"]
[BlackElo "1891"]
[PlyCount "48"]
[EventDate "2015.06.27"]
[EventType "tourn (corr)"]
[EventRounds "6"]
[EventCountry "GER"]
[SourceTitle "Corr 2022"]
[Source "ChessBase"]
[SourceDate "2021.10.24"]
[SourceVersion "1"]
[SourceVersionDate "2021.10.24"]
[SourceQuality "1"]

1. e4 c5 2. Nf3 d6 3. Bb5+ Nc6 4. 0-0 Bd7 5. Re1 Nf6 6. c3 a6 7. Ba4 c4 8. Bc2 Bg4 9. h3 Bh5 10. d4 cxd3 11. Qxd3 Bxf3 12. Qxf3 g6 13. Nd2 Bg7 14. Nc4 Nd7 15. Bg5 Nde5 16. Nxe5 Nxe5 17. Qe2 0-0 18. Bb3 b5 19. Rad1 Rb8 20. f4 Nc4 21. e5 Qc7 22. exd6 exd6 23. Kh1 Qc6 24. Kh2 Rbe8 1/2-1/2

[Event "RB-2015-0-00286"]
[Site "LSS email"]
[Date "2015.08.06"]
[Round "?"]
[White "Galus, Stanislaw"]
[Black "Itter, Erik"]
[Result "1/2-1/2"]
[WhiteElo "1800"]
[BlackElo "1891"]
[PlyCount "74"]
[EventDate "2015.06.26"]
[EventType "tourn (corr)"]
[EventRounds "6"]
[EventCountry "GER"]
[SourceTitle "Corr 2022"]
[Source "ChessBase"]
[SourceDate "2021.10.24"]
[SourceVersion "1"]
[SourceVersionDate "2021.10.24"]
[SourceQuality "1"]

1. d4 Nf6 2. c4 e6 3. Nf3 g6 4. Nc3 d5 5. Bg5 Bg7 6. e3 0-0 7. Be2 h6 8. Bh4 dxc4 9. Bxc4 c5 10. dxc5 Qa5 11. 0-0 Qxc5 12. Qe2 a6 13. Rfd1 b5 14. Bd3 Nbd7 15. a4 Bb7 16. axb5 axb5 17. Bxb5 Rxa1 18. Rxa1 Nb6 19. Ra7 Ba8 20. Nd4 Nfd5 21. Ra3 e5 22. Nc2 Nxc3 23. Rxc3 Qd5 24. Ne1 e4 25. Rc2 Bb7 26. f3 Rc8 27. Rxc8+ Nxc8 28. Bg3 Qc5 29. fxe4 Nd6 30. Bxd6 Qxd6 31. b3 Qe7 32. Bd3 Bc3 33. Nf3 Bxe4 34. Bxe4 Qxe4 35. Kf2 Qb1 36. Qc4 Qb2+ 37. Kg3 Qc1 1/2-1/2

[Event "SB-2015-0-00420"]
[Site "LSS email"]
[Date "2015.08.06"]
[Round "?"]
[White "Itter, Erik"]
[Black "Michos, Dionysis"]
[Result "0-1"]
[WhiteElo "1891"]
[BlackElo "1889"]
[PlyCount "42"]
[EventDate "2015.06.27"]
[EventType "tourn (corr)"]
[EventRounds "6"]
[EventCountry "GER"]
[SourceTitle "Corr 2022"]
[Source "ChessBase"]
[SourceDate "2021.10.24"]
[SourceVersion "1"]
[SourceVersionDate "2021.10.24"]
[SourceQuality "1"]

1. d4 Nf6 2. c4 e6 3. Nf3 c5 4. d5 b5 5. dxe6 fxe6 6. cxb5 a6 7. bxa6 Bxa6 8. Nc3 Be7 9. g3 Nc6 10. Bg2 0-0 11. 0-0 d5 12. Re1 h6 13. Bf4 g5 14. Qb1 Qe8 15. Ne5 Bb7 16. Nxc6 Bxc6 17. Bd2 c4 18. Be3 Rb8 19. Rf1 Kg7 20. f4 gxf4 21. Rxf4 Ba3 0-1

[Event "SB-2015-0-00420"]
[Site "LSS email"]
[Date "2015.08.06"]
[Round "?"]
[White "Kudr, Roman"]
[Black "Itter, Erik"]
[Result "1/2-1/2"]
[WhiteElo "2181"]
[BlackElo "1891"]
[PlyCount "63"]
[EventDate "2015.06.27"]
[EventType "tourn (corr)"]
[EventRounds "6"]
[EventCountry "GER"]
[SourceTitle "Corr 2022"]
[Source "ChessBase"]
[SourceDate "2021.10.24"]
[SourceVersion "1"]
[SourceVersionDate "2021.10.24"]
[SourceQuality "1"]

1. d4 Nf6 2. c4 e6 3. Nf3 d5 4. g3 dxc4 5. Bg2 a6 6. 0-0 Nc6 7. e3 Bd7 8. Qe2 b5 9. a4 Rb8 10. axb5 axb5 11. b3 cxb3 12. Nbd2 Be7 13. Nxb3 0-0 14. Bb2 Nd5 15. Rfc1 Nb6 16. Nfd2 Na4 17. Bxc6 Bxc6 18. Rxc6 Nxb2 19. Ra7 Bd6 20. Na5 Na4 21. Rca6 Qg5 22. Nc6 Rbe8 23. Ra5 Qg6 24. Qxb5 Nc3 25. Qb2 Qd3 26. Nf3 Qe4 27. Nfe5 f6 28. Nc4 Nd1 29. Qb5 Nxf2 30. Kxf2 Qc2+ 31. Ke1 Qxh2 32. Nxd6 1/2-1/2

[Event "RB-2015-0-00286"]
[Site "LSS email"]
[Date "2015.08.05"]
[Round "?"]
[White "Itter, Erik"]
[Black "Jablonski, Czeslaw"]
[Result "1-0"]
[WhiteElo "1891"]
[BlackElo "2008"]
[PlyCount "71"]
[EventDate "2015.06.26"]
[EventType "tourn (corr)"]
[EventRounds "6"]
[EventCountry "GER"]
[SourceTitle "Corr 2022"]
[Source "ChessBase"]
[SourceDate "2021.10.24"]
[SourceVersion "1"]
[SourceVersionDate "2021.10.24"]
[SourceQuality "1"]

1. d4 Nf6 2. c4 e6 3. Nf3 d5 4. Nc3 Bb4 5. Bg5 0-0 6. e3 c5 7. cxd5 Bd7 8. dxe6 Bxe6 9. Bd3 cxd4 10. Nxd4 Nc6 11. Nxc6 Bxc3+ 12. bxc3 bxc6 13. 0-0 h6 14. Bh4 Qe7 15. Qc2 g5 16. Bg3 Nh5 17. Be5 f6 18. Bg3 Nxg3 19. hxg3 Rfd8 20. Rfd1 Kg7 21. Be4 Rxd1+ 22. Rxd1 Rc8 23. Qa4 Rc7 24. Bc2 Bf7 25. Qd4 Bg6 26. Bxg6 Kxg6 27. Qd3+ Kg7 28. Qf5 Qa3 29. c4 Qxa2 30. Qe6 h5 31. Qd6 Rf7 32. Qxc6 Qa3 33. c5 Qa5 34. Qd5 Qb5 35. e4 Qe8 36. c6 1-0

[Event "SB-2015-0-00419"]
[Site "LSS email"]
[Date "2015.08.04"]
[Round "?"]
[White "Carroll, Patrick"]
[Black "Itter, Erik"]
[Result "1/2-1/2"]
[WhiteElo "2061"]
[BlackElo "1891"]
[PlyCount "70"]
[EventDate "2015.06.20"]
[EventType "tourn (corr)"]
[EventRounds "6"]
[EventCountry "GER"]
[SourceTitle "Corr 2022"]
[Source "ChessBase"]
[SourceDate "2021.10.24"]
[SourceVersion "1"]
[SourceVersionDate "2021.10.24"]
[SourceQuality "1"]

1. e4 c5 2. Nf3 d6 3. d4 cxd4 4. Nxd4 Nf6 5. Nc3 a6 6. Be3 e5 7. Nb3 Be7 8. f3 Be6 9. Qd2 h5 10. Be2 Nbd7 11. Nd5 Bxd5 12. exd5 Rc8 13. Rc1 0-0 14. c4 b6 15. Bd3 e4 16. fxe4 Ng4 17. Bf4 Nde5 18. Be2 Ng6 19. Bxg4 hxg4 20. Rc2 Bf6 21. Bg3 Qe7 22. Qe2 b5 23. 0-0 Rxc4 24. Rxc4 bxc4 25. Qxc4 Re8 26. Nd2 Bxb2 27. Qxa6 Bd4+ 28. Kh1 Be5 29. Nc4 Bxg3 30. hxg3 Qg5 31. Qa3 Rxe4 32. Nxd6 Re2 33. Qa8+ Kh7 34. Nxf7 Qe3 35. Kh2 Rxg2+ 1/2-1/2

[Event "SB-2011-0-00155"]
[Site "LSS email"]
[Date "2011.05.29"]
[Round "?"]
[White "Dehaybe, Andre"]
[Black "Itter, Erik"]
[Result "1-0"]
[WhiteElo "2054"]
[BlackElo "1859"]
[PlyCount "55"]
[EventDate "2011.05.15"]
[EventType "tourn (corr)"]
[EventRounds "6"]
[EventCountry "GER"]
[SourceTitle "Telechess CBM 149"]
[Source "ChessBase"]
[SourceDate "2012.07.17"]
[SourceVersion "1"]
[SourceVersionDate "2012.07.17"]
[SourceQuality "1"]

1. e4 c5 2. Nf3 d6 3. Bc4 Nf6 4. Nc3 e6 5. 0-0 a6 6. d4 cxd4 7. Nxd4 b5 8. Bb3 Be7 9. Qf3 Qb6 10. Be3 Qb7 11. Qg3 0-0 12. Bh6 Ne8 13. Rad1 Nc6 14. Nxc6 Qxc6 15. Rfe1 Bb7 16. Ne2 Kh8 17. Nd4 Qc7 18. Bc1 Nf6 19. f3 Rg8 20. Be3 Rac8 21. c3 Nd7 22. a4 bxa4 23. Bxa4 Ne5 24. Bb3 Nc4 25. Bxc4 Qxc4 26. Bg5 f6 27. Be3 g6 28. b3 1-0

[Event "SB-2011-0-00155"]
[Site "LSS email"]
[Date "2011.05.29"]
[Round "?"]
[White "Sorcinelli, Andrea"]
[Black "Itter, Erik"]
[Result "1-0"]
[WhiteElo "1994"]
[BlackElo "1859"]
[PlyCount "59"]
[EventDate "2011.05.15"]
[EventType "tourn (corr)"]
[EventRounds "6"]
[EventCountry "GER"]
[SourceTitle "Telechess CBM 149"]
[Source "ChessBase"]
[SourceDate "2012.07.17"]
[SourceVersion "1"]
[SourceVersionDate "2012.07.17"]
[SourceQuality "1"]

1. e4 c5 2. Nf3 d6 3. d4 cxd4 4. Nxd4 Nf6 5. Nc3 a6 6. a4 e5 7. Nf3 Be7 8. Bc4 Be6 9. Bb3 0-0 10. 0-0 Nc6 11. Bg5 Na5 12. Ba2 Rc8 13. Bxf6 Bxf6 14. Nd5 Nc4 15. b4 g6 16. a5 Kg7 17. c3 Bxd5 18. Qxd5 Qc7 19. Rfc1 Qc6 20. Bxc4 Qxc4 21. Qxb7 Rfd8 22. Nd2 Qd3 23. Nf1 d5 24. exd5 Rb8 25. Qa7 Ra8 26. Qe3 Qxd5 27. c4 Qe6 28. Qe4 Rac8 29. b5 Rd4 30. Qe1 1-0

[Event "SB-2011-0-00144"]
[Site "LSS email"]
[Date "2011.04.16"]
[Round "?"]
[White "Itter, Erik"]
[Black "Kolanek, Roman"]
[Result "0-1"]
[WhiteElo "1859"]
[BlackElo "2037"]
[PlyCount "116"]
[EventDate "2011.03.30"]
[EventType "tourn (corr)"]
[EventRounds "6"]
[EventCountry "GER"]
[SourceTitle "Telechess CBM 149"]
[Source "ChessBase"]
[SourceDate "2012.07.17"]
[SourceVersion "1"]
[SourceVersionDate "2012.07.17"]
[SourceQuality "1"]

1. d4 d5 2. c4 e6 3. Nc3 Nf6 4. cxd5 exd5 5. Bg5 Be7 6. e3 0-0 7. Bd3 c5 8. Nge2 c4 9. Bc2 Bg4 10. h3 Be6 11. Nf4 Nc6 12. Qf3 Qb6 13. 0-0-0 Nb4 14. Bb1 Rfc8 15. Bxf6 Bxf6 16. a3 Nd3+ 17. Bxd3 cxd3 18. Nfxd5 Bxd5 19. Qxd5 Rc7 20. Rxd3 Rd8 21. Qe4 Qb3 22. Kb1 Be7 23. Na2 Qc2+ 24. Ka1 Qxf2 25. Rc3 Rcd7 26. Nc1 Qf6 27. Nd3 Bd6 28. Qf3 Qxf3 29. gxf3 Re7 30. Re1 Re6 31. e4 Rh6 32. Rh1 Bf8 33. d5 Rh4 34. Rc7 f5 35. Rxb7 fxe4 36. fxe4 Rxe4 37. Rxa7 Rxd5 38. Rf1 Re8 39. Rf3 g5 40. Ka2 Bd6 41. Rff7 Bf8 42. Rad7 Rxd7 43. Rxd7 Re3 44. Nf2 Re2 45. Nd1 h5 46. Rd5 Be7 47. a4 Re6 48. Nf2 Rg6 49. Nd3 g4 50. Rxh5 g3 51. Nf4 g2 52. Nxg2 Rxg2 53. a5 Kf7 54. Rb5 Rd2 55. a6 Rd6 56. Ra5 Rd8 57. Ra4 Ra8 58. h4 Ke6 0-1

[Event "SB-2011-0-00144"]
[Site "LSS email"]
[Date "2011.04.16"]
[Round "?"]
[White "Itter, Erik"]
[Black "Morcin, Tom"]
[Result "1/2-1/2"]
[WhiteElo "1859"]
[BlackElo "1950"]
[PlyCount "43"]
[EventDate "2011.03.30"]
[EventType "tourn (corr)"]
[EventRounds "6"]
[EventCountry "GER"]
[SourceTitle "Telechess CBM 149"]
[Source "ChessBase"]
[SourceDate "2012.07.17"]
[SourceVersion "1"]
[SourceVersionDate "2012.07.17"]
[SourceQuality "1"]

1. d4 Nf6 2. c4 e6 3. Nc3 Bb4 4. f3 d5 5. a3 Bxc3+ 6. bxc3 c5 7. cxd5 exd5 8. e3 0-0 9. Bd3 b6 10. Ne2 Ba6 11. 0-0 Re8 12. Ng3 Bxd3 13. Qxd3 Nc6 14. Bb2 Rc8 15. Rae1 cxd4 16. cxd4 Na5 17. e4 Nc4 18. Bc3 Nd7 19. exd5 Nf6 20. Rxe8+ Nxe8 21. Re1 g6 22. Bb4 1/2-1/2

[Event "SA-2011-0-00187"]
[Site "LSS email"]
[Date "2011.03.29"]
[Round "?"]
[White "Van Gysel, Marc"]
[Black "Itter, Erik"]
[Result "1/2-1/2"]
[WhiteElo "2081"]
[BlackElo "1859"]
[PlyCount "66"]
[EventDate "2011.03.10"]
[EventType "tourn (corr)"]
[EventRounds "6"]
[EventCountry "GER"]
[SourceTitle "Telechess CBM 157"]
[Source "ChessBase"]
[SourceDate "2013.11.12"]
[SourceVersion "1"]
[SourceVersionDate "2013.11.12"]
[SourceQuality "1"]

1. d4 Nf6 2. Nf3 d5 3. e3 c6 4. c4 e6 5. Nc3 Nbd7 6. Qc2 Bd6 7. Be2 0-0 8. 0-0 dxc4 9. Bxc4 a6 10. Rd1 b5 11. Be2 Qc7 12. Ne4 Nxe4 13. Qxe4 Bb7 14. Bd3 g6 15. Qh4 c5 16. Ng5 h5 17. Ne4 Bxe4 18. Bxe4 Rab8 19. Bd2 c4 20. Bf3 Nb6 21. Rac1 Be7 22. Qh3 Rfc8 23. Rc2 b4 24. e4 Na4 25. Bc1 b3 26. axb3 Rxb3 27. d5 exd5 28. Bf4 Qxf4 29. Qxc8+ Kg7 30. Rxd5 Rxb2 31. Qxc4 Nb6 32. Qxa6 Rxc2 33. Qxb6 Bh4 1/2-1/2

[Event "SA-2011-0-00187"]
[Site "LSS email"]
[Date "2011.03.28"]
[Round "?"]
[White "Itter, Erik"]
[Black "Figura, Atila Gajo"]
[Result "1/2-1/2"]
[WhiteElo "1859"]
[BlackElo "1970"]
[PlyCount "38"]
[EventDate "2011.03.10"]
[EventType "tourn (corr)"]
[EventRounds "6"]
[EventCountry "GER"]
[SourceTitle "Telechess CBM 157"]
[Source "ChessBase"]
[SourceDate "2013.11.12"]
[SourceVersion "1"]
[SourceVersionDate "2013.11.12"]
[SourceQuality "1"]

1. d4 Nf6 2. c4 e6 3. Nf3 d5 4. g3 Bb4+ 5. Bd2 Be7 6. Bg2 0-0 7. 0-0 Nbd7 8. Qc2 c6 9. Rd1 b6 10. Bf4 Bb7 11. Nc3 dxc4 12. Nd2 Nd5 13. Nxc4 Nxf4 14. gxf4 Qc7 15. e3 Rad8 16. Rac1 c5 17. d5 exd5 18. Bxd5 Nf6 19. Bxb7 Qxb7 1/2-1/2

[Event "LSS SB-2010-0-00117"]
[Site "LSS email"]
[Date "2010.10.30"]
[Round "?"]
[White "Herzog, Klaus"]
[Black "Itter, Erik"]
[Result "0-1"]
[WhiteElo "1700"]
[BlackElo "1923"]
[PlyCount "64"]
[EventDate "2010.10.18"]
[EventType "tourn (corr)"]
[EventRounds "6"]
[EventCountry "GER"]
[SourceTitle "Telechess CBM 145"]
[Source "Chessbase"]
[SourceDate "2011.11.11"]
[SourceVersion "1"]
[SourceVersionDate "2011.11.11"]
[SourceQuality "1"]

1. d4 Nf6 2. c4 e6 3. Nc3 d5 4. cxd5 exd5 5. Bg5 Bb4 6. e3 h6 7. Bh4 g5 8. Bg3 Ne4 9. Nge2 h5 10. h4 Nxg3 11. Nxg3 gxh4 12. Nxh5 c6 13. Bd3 Qg5 14. Nf4 Nd7 15. Qc2 Nb6 16. Qb3 Bd6 17. Nce2 Bg4 18. Nh3 Bxh3 19. gxh3 0-0-0 20. a4 Qg7 21. a5 Nc4 22. Rg1 Qf6 23. Bxc4 dxc4 24. Qxc4 a6 25. Nc3 Rhg8 26. Ke2 Qf5 27. e4 Qxh3 28. d5 c5 29. Na4 Rg2 30. Rxg2 Qxg2 31. Nxc5 Kb8 32. b4 Bxc5 0-1

[Event "LSS SB-2010-0-00116"]
[Site "LSS email"]
[Date "2010.10.27"]
[Round "?"]
[White "Itter, Erik"]
[Black "Herzog, Klaus"]
[Result "1-0"]
[WhiteElo "1964"]
[BlackElo "1773"]
[PlyCount "53"]
[EventDate "2010.10.12"]
[EventType "tourn (corr)"]
[EventRounds "6"]
[EventCountry "GER"]
[SourceTitle "Telechess CBM 147"]
[Source "ChessBase"]
[SourceDate "2012.03.16"]
[SourceVersion "1"]
[SourceVersionDate "2012.03.16"]
[SourceQuality "1"]

1. d4 Nf6 2. c4 g6 3. Nc3 Bg7 4. e4 0-0 5. Nf3 d6 6. Be2 e5 7. 0-0 Nc6 8. d5 Ne7 9. b4 Nh5 10. Re1 f5 11. Ng5 Nf6 12. f3 Kh8 13. Rb1 h6 14. Ne6 Bxe6 15. dxe6 fxe4 16. fxe4 Nc6 17. Nd5 Ng8 18. Bd3 Nd4 19. Qg4 g5 20. Be3 c6 21. h4 cxd5 22. exd5 Rf4 23. Bxf4 gxf4 24. Qg6 Nf6 25. c5 f3 26. g4 Qf8 27. Rb2 1-0

[Event "LSS SC-2010-0-00076"]
[Site "LSS email"]
[Date "2010.10.16"]
[Round "?"]
[White "Laine, Jari"]
[Black "Itter, Erik"]
[Result "0-1"]
[WhiteElo "1631"]
[BlackElo "1859"]
[PlyCount "60"]
[EventDate "2010.08.30"]
[EventType "tourn (corr)"]
[EventRounds "6"]
[EventCountry "GER"]
[SourceTitle "Telechess CBM 149"]
[Source "ChessBase"]
[SourceDate "2012.07.17"]
[SourceVersion "1"]
[SourceVersionDate "2012.07.17"]
[SourceQuality "1"]

1. d4 Nf6 2. c4 e6 3. Nc3 Bb4 4. a3 Bxc3+ 5. bxc3 b6 6. f3 Ba6 7. e4 Nc6 8. Nh3 Na5 9. e5 Ng8 10. Qa4 h6 11. Bd3 Ne7 12. Bb2 0-0 13. Rd1 d6 14. Nf4 dxe5 15. dxe5 Qe8 16. Qxe8 Rfxe8 17. Kf2 Bxc4 18. Bc2 Rad8 19. Rhe1 Rxd1 20. Bxd1 Rd8 21. Bc1 Nb7 22. Bc2 Nc5 23. g4 Bb3 24. Be4 Nxe4+ 25. Rxe4 Rd1 26. Re1 Rxe1 27. Kxe1 Nc6 28. Nd3 Bc4 29. Kd2 Bxd3 30. Kxd3 Nxe5+ 0-1

[Event "LSS SC-2010-0-00076"]
[Site "LSS email"]
[Date "2010.10.07"]
[Round "?"]
[White "Itter, Erik"]
[Black "Sherwood, Russell"]
[Result "1-0"]
[WhiteElo "1918"]
[BlackElo "1615"]
[PlyCount "71"]
[EventDate "2010.08.30"]
[EventType "tourn (corr)"]
[EventRounds "6"]
[EventCountry "GER"]
[SourceTitle "Telechess CBM 143"]
[Source "ChessBase"]
[SourceDate "2011.07.15"]
[SourceVersion "1"]
[SourceVersionDate "2011.07.15"]
[SourceQuality "1"]

1. d4 g6 2. e4 Bg7 3. Nc3 d6 4. f4 Nf6 5. Nf3 0-0 6. Bd3 Na6 7. a3 c5 8. d5 Nc7 9. a4 e6 10. dxe6 Bxe6 11. f5 Bd7 12. fxg6 hxg6 13. 0-0 Ng4 14. Bg5 Qe8 15. Bf4 Be6 16. Be2 Rd8 17. Qe1 Ne5 18. Ng5 f6 19. Nxe6 Qxe6 20. Nb5 Rd7 21. Nxa7 d5 22. exd5 Nxd5 23. Bc4 f5 24. Rd1 Kf7 25. Bxd5 Rxd5 26. Nb5 Qc6 27. Qg3 c4 28. b4 Qb6+ 29. Kh1 Rxd1 30. Rxd1 Ng4 31. Rf1 Bf6 32. h3 Kg7 33. Nd6 Rd8 34. c3 Ne3 35. Re1 Ng4 36. Re2 1-0

[Event "LSS SC-2010-0-00075"]
[Site "LSS email"]
[Date "2010.09.30"]
[Round "?"]
[White "Itter, Erik"]
[Black "Edwards, KEDG"]
[Result "1/2-1/2"]
[WhiteElo "1860"]
[BlackElo "1984"]
[PlyCount "56"]
[EventDate "2010.08.23"]
[EventType "tourn (corr)"]
[EventRounds "6"]
[EventCountry "GER"]
[SourceTitle "Telechess CBM 155"]
[Source "ChessBase"]
[SourceDate "2013.07.16"]
[SourceVersion "1"]
[SourceVersionDate "2013.07.16"]
[SourceQuality "1"]

1. d4 d5 2. c4 c6 3. Qb3 Nf6 4. Nf3 dxc4 5. Qxc4 Bf5 6. g3 e6 7. Nc3 Nbd7 8. Bg2 Be7 9. Qb3 Qb6 10. Nd2 e5 11. Qxb6 axb6 12. d5 cxd5 13. Nxd5 Nxd5 14. Bxd5 Nc5 15. a3 Rd8 16. e4 Be6 17. Bxe6 Nxe6 18. Nf3 Nc5 19. Be3 Nxe4 20. Nxe5 0-0 21. Bxb6 Rd6 22. Nc4 Rc6 23. b3 Nd6 24. Be3 Nxc4 25. bxc4 Rxc4 26. Ke2 g6 27. Rab1 Rc2+ 28. Kd3 Rc7 1/2-1/2

[Event "LSS SC-2010-0-00067"]
[Site "LSS email"]
[Date "2010.08.06"]
[Round "?"]
[White "Draba, Henryk"]
[Black "Itter, Erik"]
[Result "0-1"]
[WhiteElo "1617"]
[BlackElo "1718"]
[PlyCount "86"]
[EventDate "2010.07.03"]
[EventType "tourn (corr)"]
[EventRounds "6"]
[EventCountry "GER"]
[SourceTitle "Telechess CBM 143"]
[Source "ChessBase"]
[SourceDate "2011.07.15"]
[SourceVersion "1"]
[SourceVersionDate "2011.07.15"]
[SourceQuality "1"]

1. e4 c5 2. Nf3 b6 3. Nc3 Bb7 4. d4 cxd4 5. Nxd4 a6 6. Be3 Nf6 7. e5 Nd5 8. Nxd5 Bxd5 9. Nf5 e6 10. c4 Bb4+ 11. Bd2 Bxd2+ 12. Qxd2 exf5 13. Qxd5 Nc6 14. Bd3 0-0 15. 0-0 f4 16. Rfe1 Qc7 17. Qe4 g6 18. Qxf4 Rae8 19. Re3 Rxe5 20. Be4 d6 21. b3 Rfe8 22. Rae1 Nd4 23. Bd3 Qc5 24. h3 a5 25. Be4 Kg7 26. Bd5 f6 27. Rxe5 dxe5 28. Qd2 Rd8 29. Rd1 h6 30. Qe3 Ne6 31. Qe1 Nf4 32. h4 g5 33. hxg5 hxg5 34. Qe4 b5 35. Rd2 Rxd5 36. Rxd5 Nxd5 37. cxd5 Qc1+ 38. Kh2 Qf4+ 39. Qxf4 exf4 40. Kg1 Kf7 41. Kf1 Ke7 42. Ke2 Kd6 43. Kd3 Kxd5 0-1

[Event "LSS SC-2010-0-00067"]
[Site "LSS email"]
[Date "2010.08.05"]
[Round "?"]
[White "Itter, Erik"]
[Black "Davila, Oscar Alfredo"]
[Result "1/2-1/2"]
[WhiteElo "1718"]
[BlackElo "1745"]
[PlyCount "75"]
[EventDate "2010.07.03"]
[EventType "tourn (corr)"]
[EventRounds "6"]
[EventCountry "GER"]
[SourceTitle "Telechess CBM 143"]
[Source "ChessBase"]
[SourceDate "2011.07.15"]
[SourceVersion "1"]
[SourceVersionDate "2011.07.15"]
[SourceQuality "1"]

1. c4 e5 2. g3 Nf6 3. Bg2 d5 4. cxd5 Nxd5 5. Nc3 Nb6 6. Nf3 Nc6 7. 0-0 Be7 8. a3 0-0 9. d3 Be6 10. b4 Nd4 11. Bb2 Nxf3+ 12. Bxf3 c6 13. Ne4 Nd7 14. Rc1 Qb6 15. Nd2 f6 16. Nc4 Qa6 17. Qc2 Rac8 18. Ne3 Qb5 19. d4 f5 20. dxe5 Nxe5 21. Bg2 Ng4 22. Nxg4 fxg4 23. Be4 Qh5 24. f4 gxf3 25. exf3 Rcd8 26. Rfe1 Bf6 27. Bxf6 Rxf6 28. Rcd1 Rxd1 29. Qxd1 Bd5 30. Bxd5+ Qxd5 31. Qxd5+ cxd5 32. Re8+ Kf7 33. Rb8 Rb6 34. Kf2 Kf6 35. Ke3 a5 36. bxa5 Rb3+ 37. Kd4 Rxa3 38. Rxb7 1/2-1/2

[Event "LSS RC-2010-0-00048"]
[Site "LSS email"]
[Date "2010.07.17"]
[Round "?"]
[White "Itter, Erik"]
[Black "Sherwood, Russell"]
[Result "1-0"]
[WhiteElo "1718"]
[BlackElo "1656"]
[PlyCount "109"]
[EventDate "2010.04.06"]
[EventType "tourn (corr)"]
[EventRounds "6"]
[EventCountry "GER"]
[SourceTitle "Telechess CBM 141"]
[Source "ChessBase"]
[SourceDate "2011.03.17"]
[SourceVersion "1"]
[SourceVersionDate "2011.03.17"]
[SourceQuality "1"]

1. d4 f5 2. Bg5 Nf6 3. Bxf6 exf6 4. e3 d5 5. Nd2 Be6 6. Ne2 Bd6 7. c4 Nc6 8. Nc3 Bb4 9. cxd5 Bxd5 10. Bd3 Be6 11. 0-0 0-0 12. Qc2 g6 13. d5 Ne5 14. f4 Nxd3 15. dxe6 Bc5 16. Kh1 Nb4 17. Qb3 Qe7 18. a3 Nd3 19. Nd5 Qxe6 20. Qxd3 Rad8 21. Nxc7 Qf7 22. Qc4 Bb6 23. Ne6 Rxd2 24. Qb4 Rxb2 25. Qxf8+ Qxf8 26. Nxf8 Kxf8 27. a4 Rb3 28. a5 Bc5 29. Rab1 Rxb1 30. Rxb1 b6 31. a6 Ke7 32. Rd1 Ke6 33. g3 b5 34. Kg2 Bd6 35. Kf3 Kd7 36. e4 fxe4+ 37. Kxe4 Kc6 38. Kd3 h5 39. Re1 Kd7 40. Kd4 Be7 41. Kd5 b4 42. Ra1 Kc7 43. Ke6 Bc5 44. Rc1 Kc6 45. Kxf6 Kb5 46. Kxg6 b3 47. f5 Kb4 48. f6 b2 49. Rf1 Kb3 50. f7 Kc2 51. Kxh5 Bf8 52. Kg6 b1Q 53. Rxb1 Kxb1 54. g4 Be7 55. Kg7 1-0

[Event "LSS RC-2010-0-00048"]
[Site "LSS email"]
[Date "2010.07.17"]
[Round "?"]
[White "Laczay, Istvan"]
[Black "Itter, Erik"]
[Result "0-1"]
[WhiteElo "1705"]
[BlackElo "1718"]
[PlyCount "76"]
[EventDate "2010.04.06"]
[EventType "tourn (corr)"]
[EventRounds "6"]
[EventCountry "GER"]
[SourceTitle "Telechess CBM 141"]
[Source "ChessBase"]
[SourceDate "2011.03.17"]
[SourceVersion "1"]
[SourceVersionDate "2011.03.17"]
[SourceQuality "1"]

1. d4 Nf6 2. c4 e6 3. Nc3 Bb4 4. Qc2 0-0 5. a3 Bxc3+ 6. Qxc3 b6 7. Bg5 h6 8. Bh4 Ba6 9. e3 d6 10. Bd3 Nbd7 11. Ne2 c5 12. Qc2 cxd4 13. exd4 Rc8 14. Qa4 Nb8 15. Rc1 d5 16. b3 dxc4 17. bxc4 Qd7 18. Qxd7 Nbxd7 19. Kd2 e5 20. f3 exd4 21. Nxd4 Rfd8 22. Rhd1 g5 23. Bg3 Nc5 24. Ke3 Nxd3 25. Kxd3 Nh5 26. Ke3 Bxc4 27. Nf5 Rxd1 28. Rxd1 Re8+ 29. Kd4 Be6 30. Nd6 Re7 31. Bf2 Nf4 32. g3 Ng6 33. Kc3 Rd7 34. Kc2 Kh7 35. Kc1 Bb3 36. Rd3 Ne5 37. Re3 Rxd6 38. Rxb3 Nd3+ 0-1

[Event "IECG CC.2005.0.00113 email"]
[Site "IECG email"]
[Date "2005.03.16"]
[Round "?"]
[White "Violini, Paolo"]
[Black "Itter, Erik"]
[Result "1-0"]
[WhiteElo "1600"]
[BlackElo "1748"]
[PlyCount "55"]
[EventDate "2005.03.16"]
[EventType "tourn (corr)"]
[EventRounds "6"]
[SourceTitle "Corr 2008"]
[Source "ChessBase"]
[SourceDate "2008.06.24"]
[SourceVersion "1"]
[SourceVersionDate "2008.06.24"]
[SourceQuality "1"]

1. e4 c5 2. Nf3 e6 3. d4 cxd4 4. Nxd4 a6 5. Nc3 b5 6. Bd3 Qb6 7. Nf3 Nc6 8. 0-0 Bb7 9. Qe2 Qc7 10. Re1 Bc5 11. Be3 Bd6 12. Rad1 Ne5 13. Kh1 Nxf3 14. Qxf3 Be5 15. Qg4 Nf6 16. Qh4 h6 17. a4 Bxc3 18. bxc3 bxa4 19. Rb1 Qxc3 20. e5 Nd5 21. Bd4 Qc7 22. Qg3 g5 23. Qf3 Bc6 24. Bf1 0-0 25. Qh3 Kg7 26. c4 Nf4 27. Qe3 Rfb8 28. Bb6 1-0